Sports Quiz

Random Sports or Basketball Quiz
Score 0/20 Timer 05:00
1 Play Today
% Correct
Diego Maradona - Soccer player
94.3%
Karl Malone - Basketball player
91.9%
Rocky Marciano - Boxer
90.6%
Peyton Manning - Football player
90.5%
Andy Murray - Tennis player
88.5%
John McEnroe - Tennis player
87.3%
Joe Montana - Football player
85.7%
Mickey Mantle - Baseball player
85.3%
Willie Mays - Baseball player
85.2%
Reinhold Messner - Mountaineer
84.8%
% Correct
Lionel Messi - Soccer player
79.3%
Lavinia Miloșovici - Gymnasts
78.9%
Colin McRae - Driver (WRC)
73%
Shannon Miller - Gymnasts
69%
Bode Miller - Skier
64.6%
Marc Marquez - Driver (MotoGP)
59.5%
Eddy Merckx - Cyclist
55.1%
Dave Mirra - BMX Rider
51.8%
Stirling Moss - Driver (F1)
46.5%
Tommi Mäkinen - Driver (WRC)
39.1%
Remove Ads.
Support Sporcle.
Get the best of Sporcle when you Go Orange. This ad-free experience offers more features, more stats, and more fun while also helping to support Sporcle. Thank you for becoming a member.

You're not logged in!

Compare scores with friends on all Sporcle quizzes.
OR
Log In

Show Comments

Extras

Top Quizzes Today


Score Distribution

Your Account Isn't Verified!

In order to create a playlist on Sporcle, you need to verify the email address you used during registration. Go to your Sporcle Settings to finish the process.

Report this User

Report this user for behavior that violates our Community Guidelines.

Details: